000 00627nam a22001937a 4500
999 _c57767
_d57767
005 20201105140620.0
008 201105s2019 enk||||| |||| 00| 0 eng d
020 _a9781138202108
041 _aeng
080 _a338.48:796.5 W-37
100 _aWearing, Stephen
_99726
245 _aEcotourism:
_bTransitioning to the 22nd Century /
_cStephen Wearing (Author), Stephen Schweinsberg (Author).
250 _a3rd edition
264 _aLondon:
_bRoutledge,
_c2019.
300 _a178 p.
_b25 cm.
653 _aეკოტურიზმი
700 _aSchweinsberg, Stephen
_eავტორი
_99727
942 _2udc
_cBK